MDQL
is popping MORE tags! Check the
thread
!
Quizzes
Events
Quiz Creation
Community
Videos
Private Events
Remove Ads
Sign In
Join for FREE
Feedback
Dark Mode
Quiz Categories
Sports
Geography
Music
Movies
Television
Just For Fun
Miscellaneous
History
Literature
Language
Science
Gaming
Entertainment
Religion
Holiday
For Kids
Quiz Lab
Recent
Popular Today
Quiz Kudos Today
Editor Picks
Curator Picks
Quizzes by...
Day
Popularity
Type
Ratings
Length
Year
Community
Subscriptions
Recent Discussions
Orange Saloon
Badges
Playlists
Quests
Create
Leaderboards
Showdown
Live 5
Trivia Bingo
Activity
Puzzle Library
Sporcle Events
Private Events
Virtual Trivia
Globe League
Become a Host
Pub Owners
SporcleCon
Opinionation
Our Games
Videos
Blog
Mobile Apps
Partnerships
Remove Ads and Go Orange
Feedback
History
US Presidents
World Leaders
Politics
Nation
Discovery
War
Decade
Year
Century
Biography
Art
History
US Presidents
World Leaders
Politics
Nation
Discovery
War
Decade
Year
Century
Biography
Art
Random Quiz
Search Sporcle
×
Quiz Lab
Quiz Lab
History
Country
Type in answers that appear in a list
Type in answers that appear in a list
Classic
Best Score? Go Orange.
Coalition of the Gulf War (1990/1991) Stats
Can you name the Coalition of the Gulf War (1990/1991) ?
By
thegreatone
5m
34 Questions
890 Plays
890 Plays
890 Plays
Comments
Comments
Give Quiz Kudos
Give Quiz Kudos
-
- Ratings
hide this ad
Replay
Link that replays current quiz
Next Quiz
Link to next quiz in quiz playlist
You Got
0%
They Got
Avg Score
64%
Avg Friend Score
Upgrade to see
Score Distribution
Jump to the score distribution portion of the page
Score
0/34
Timer
05:00
0
Plays Today
Rank
Country
% Correct
1
United States of America
99.8%
3
United Kingdom
97.9%
5
France
95.5%
12
Canada
89.3%
2
Saudi Arabia
89%
15
Italy
85.4%
20
Spain
85%
8
Kuwait
84.7%
16
Australia
83%
4
Egypt
80.5%
33
Norway
73.2%
31
New Zealand
73%
28
Greece
71.4%
24
Poland
70.5%
19
Sweden
69.9%
16
Netherlands
68.2%
22
Belgium
67.8%
Rank
Country
% Correct
9
Oman
67.2%
11
United Arab Emirates
66.8%
6
Syria
66.4%
31
Denmark
65.4%
13
Qatar
62.1%
10
Pakistan
61.3%
25
South Korea
60.3%
22
Bahrain
54.4%
26
Argentina
49.8%
7
Morocco
48.7%
33
Hungary
43.2%
28
Philippines
34.3%
26
Afghanistan
33%
28
Czechoslovakia
31.5%
18
Niger
27.7%
14
Bangladesh
25.6%
20
Senegal
14.7%
Quiz Playlist
Details
Report
Send in Message
Add To Playlist
Classic:
Type in answers that appear in a list
Quiz Source
Last Updated: Feb 4, 2019
Quiz Scoreboard
CHALLENGE
Sign Up to Join the Scoreboard
Show All
Scores
Hide
Comments
May contain spoilers
Recently Published
1-10 Letter E Words III
by El_Dandy
Language
2m
Street Fighter Characters
by Artimus82
Gaming
60s
College Basketball Coaching Resumes
by pancakes188
Sports
9m
More to Explore
Quiz From the Vault
Featured Blog Post
Where Did the Easter Bunny Come From?
hide this ad
You Might Also Like...
Tags
Country Quiz
War Quiz
1990
1991
coalition
gulf
Personnel
Today's Top Quizzes in History
Browse History
hide this ad
Today's Top Quizzes in Country
Browse Country
Top Contributed Quizzes in History
1
Popular People in 1991
2
Popular People in 1981
3
Popular People in 1951
4
Popular People in 1941
5
Popular People in 1986
6
Popular People in 1976
7
Popular People in 1921
8
5-to-1: 20th Century Images of War
9
I Am Born On March 28th
10
Popular People in 1946
Explore More
Trending Topics
Anime
Disney
Crossword
Kpop
NBA
Marvel
Harry Potter
WWE
Soccer
Puzzle
The Office
Country
Pokémon
NFL
Song
hide this ad
More By:
thegreatone
Quiz
Plays
Rating
Category
Featured
Created
WWE Money In The Bank Participants (Updated 2018)
2,617
3.78
Sports
Oct 13, 2009
Coalition of the Gulf War (1990/1991)
890
4.64
History
Oct 13, 2009
2009 Contributions to the United Nations
260
4.00
Geography
Oct 13, 2009
Bret Hart Reforms the Hart Foundation Promo (Part 1)
167
Sports
Jan 3, 2018
Bret Hart Reforms the Hart Foundation Promo (Part 2)
77
Sports
Jan 3, 2018
Go to Creator's Profile
Score Distribution
Quiz Creator Spotlight
thegreatone
Follow
Send a Message
Quizzes Created
-
Created Quiz Play Count
-
More By This Creator
Popular Quizzes Today
1
Find the US States - No Outlines Minefield
2
Find the Countries of Europe - No Outlines Minefield
3
The Countries of the World
4
Find the US States
5
Risky Map Clicking: Biggest States A-Z
6
US States
7
Popular People in 1961
8
Movies - When Are They Set?
More History Quizzes
Women Rulers in the Ancient and Medieval World
Published
Trending Quizzes
Risky Map Clicking: Least Populous States A-Z
Billboard Blitz: Aretha Franklin
1-10 Letter G Words
Countries of the World: 200 Million BC
1-10 Letter F Words
Recently Updated
Leaping Animals
pecheneg
Reality TV Shows (A-Z)
bhenderson79
Rickey Henderson's Hall of Fame Teammates
pecheneg
Champions League XIs: Arsenal
pecheneg
Quick Pick: Celebrities in WWE's Hall of Fame
aduchscher
A-Z Keypad Blitz II
pecheneg
Multiple Oscar Actors
pecheneg
Mystery Phrase Blitz: Oscar 'Best Actors'
pecheneg
F. Scott Fitzgerald Novels
LTH
Pick 3 Villains
ddd62291
Trending Topics
Anime
Crossword
Kpop
NBA
Harry Potter
Marvel
Disney
Country
NFL
The Office
Soccer
Puzzle
WWE
Pokémon
Song
Your Account Isn't Verified!
In order to create a playlist on Sporcle, you need to verify the email address you used during registration. Go to your
Sporcle Settings
to finish the process.
Report this User
Report this user for behavior that violates our
Community Guidelines
.
Details:
Send Report
Go to the Sporcle.com Mobile Site →
Comments